000 00720nam a22002297a 4500
005 20170124105936.0
010 _a821123
020 _c22.00
035 _a821123
037 _bCen Lib/Ret
040 _aDPL
_bEN
082 _a230.35
_bSRI
245 _aSri Ramakrishna :
_bin the eyes of brahma and christian admirers /
_cedited by Nanda Mookerjee
260 _aCalcutta
_bFirma KLM
_c1976
270 _a257/B, Bepin Behari Ganguly Street
_bCalcutta
_e700012
300 _avarious pagings :
_c21cm(Hb)
_bill.
500 _aIncludes index.
650 _aRamakrishna, -- 1836-1886
_975152
650 _aReligion.
_975153
700 _aMookerjee, Nanda
_99869
942 _2ddc
_cEN
_h230.35
_mSRI
999 _c124227
_d124227